Η κοινωνική σημασία της ελληνικής επαναστάσεως του 1821
Saved in:
| Main Author: | |
|---|---|
| Other Authors: | |
| Format: | Book |
| Language: | Greek |
| Published: |
Αθήνα :
Επικαιρότητα,
1991, 1974.
|
| Subjects: | |
| Tags: |
Add Tag
No Tags, Be the first to tag this record!
|
MARC
| LEADER | 00000cam a2200000 i 4500 | ||
|---|---|---|---|
| 001 | 1/98902 | ||
| 008 | 950321r19911974gr | ||| |||| ||gre|| | ||
| 020 | |a 9602050462 | ||
| 035 | |l 10011102 | ||
| 040 | |a GR-MyUA |b gre |e AACR2 | ||
| 041 | 0 | |a gre | |
| 082 | 7 | |a 938.506 |2 (22) | |
| 100 | 1 | |a Κορδάτος, Γιάννης Κ., |d 1891-1961. | |
| 245 | 1 | 2 | |a Η κοινωνική σημασία της ελληνικής επαναστάσεως του 1821 / |c Γιάννη Κορδάτου ; εισαγωγή: Θανάση Χ. Παπαδόπουλου. |
| 260 | |a Αθήνα : |b Επικαιρότητα, |c 1991, 1974. | ||
| 300 | |a 273 σ. ; |c 24 εκ. | ||
| 651 | 0 | |a Greece |x History |y War of Independence, 1821-1829. | |
| 651 | 0 | |a Greece |x Social conditions |y 19th century. | |
| 700 | 1 | |a Παπαδόπουλος, Θανάσης Χ., |d 1940- |e aui | |
| 852 | |a INST |b LESVOS |e 19950321 |h 938.506 ΚΟΡ |p 005100002197 |q 005100002197 |t BK |y 0 | ||
| 852 | |a INST |b SAMOS |e 20231128 |h 938.506 ΚΟΡ |p 005300048762 |q 005300048762 |t BK |y 0 | ||
| 909 | |a Λ |b 036645 | ||
| 922 | |a 1ΕΛΗ |b 199409 |c ΤΚΑ | ||
| 970 | |z 1995/03 | ||